W jakiej reprezentacji gra ten piłkarz? #1 - Statystyki

Ogólne statystyki
  • Ten quiz został rozwiązany 306 razy
  • Średni wynik to 10 z 15
Statystyki odpowiedzi
Piłkarz Reprezentacja % Poprawnych
Heug Min-Son Korea południowa
100%
Keisuke Honda Japonia
84%
Thomas Meunier Belgia
80%
Wu lei Chiny
80%
Lucas Biglia Argentyna
74%
Jiri Pavlenka Czechy
74%
Lukas Hradecky Finlandia
73%
Nicolas Gaitan Argentyna
68%
Mile Jedinak Australia
63%
Alexander Nubel Niemcy
60%
Ricardo Rodriguez Szwajcaria
59%
Adam Gyurcso Węgry
58%
Dennis Rakels Łotwa
50%
Joel Pohjanpalo Finlandia
45%
Geofrey Kondogbia Republika środkowoafrykańska
39%
Nie znaleziono quizów pasujących do podanych kryteriów
Rozkład punktacji
Procent ludzi z każdym wynikiem
Percentyl według liczby udzielonych odpowiedzi
Twoja historia wyników
Nie rozwiązałeś tego quizu